000 00302nam a22001097a 4500
008 230621b xxu||||| |||| 00| 0 eng d
082 _a328.03
_bCPA 1987
245 _aReport of the Commonwealth Parliamentary Association
260 _aZimbabwe
_bParliament of Zimbabwe
300 _a26p
942 _2ddc
_cBK
999 _c2072
_d2072